The courage to teach : exploring the inner landscape of a teacher's life /

"Exploring the inner landscape of a teacher's life is difficult to do alone or without guidance for reflecting on what THE COURAGE TO TEACH means to the reader. This guide is a welcome resource for those who wish to extend their exploration beyond just reading the book, individually or wit...

Ամբողջական նկարագրություն

Մատենագիտական մանրամասներ
Հիմնական հեղինակ: Palmer, Parker J. (Հեղինակ)
Ձևաչափ: Գիրք
Լեզու:English
Հրապարակվել է: San Francisco : Jossey-Bass, 2017.
Հրատարակություն:Twentieth anniversary edition.
Խորագրեր:
Classic Catalogue: View this record in Classic Catalogue
LEADER 02462nam a2200397 i 4500
001 44647
003 BD-DhAAL
005 20250827102802.0
008 250827t2017 caua b 001 0 eng d
010 |a  2017030406 
020 |a 9781119413042 
020 |z 9781119414117 (epub) 
020 |z 9781119414230 (pdf) 
035 |a 19754984 
040 |a DLC  |b eng  |c DLC  |e rda  |d DLC 
042 |a pcc 
050 0 0 |a LB1775  |b .P25 2017 
082 0 0 |a 371.102  |2 23 
100 1 |a Palmer, Parker J.,  |e author.  |9 59176 
245 1 4 |a The courage to teach :  |b exploring the inner landscape of a teacher's life /  |c Parker J. Palmer. 
250 |a Twentieth anniversary edition. 
260 |a San Francisco :  |b Jossey-Bass,  |c 2017. 
300 |a xxix, 248 pages :  |b illustrations ;  |c 24 cm 
504 |a Includes bibliographical references and index. 
520 |a "Exploring the inner landscape of a teacher's life is difficult to do alone or without guidance for reflecting on what THE COURAGE TO TEACH means to the reader. This guide is a welcome resource for those who wish to extend their exploration beyond just reading the book, individually or within a study group. Includes online video content featuring an interview with Parker Palmer discussing the crisis in education, the heart of a teacher, ways of knowing, the importance of relationship in teaching and learning, teacher renewal, and spirituality in education"-- 
526 |a LTIC  |x Professor Md. Golam Samdani Fakir, PhD Director Learning and Teaching Innovation Center (LTIC) BRAC University Course Name : Enriching LTIC for curriculum development, assessment, ethics, faculty leadership, and global education, etc. 
541 |a Hye Trade International  |e 44647 
650 0 |a Teachers. 
650 0 |a Teaching. 
650 0 |a Learning. 
650 7 |a RELIGION / Christian Education / General.  |2 bisacsh  |9 59177 
650 7 |a Education. 
852 |a Ayesha Abed Library  |c General Stacks 
942 |2 ddc  |c BK 
999 |c 47410  |d 47410 
952 |0 0  |1 0  |2 ddc  |4 0  |6 371_102000000000000_PAL  |7 0  |9 78044  |a BRACUL  |b BRACUL  |c NEW  |d 2025-08-25  |e Hye Trade International  |g 3206.00  |l 1  |m 11  |o 371.102 PAL  |p 3010044647  |r 2026-01-21  |s 2025-10-12  |t 1  |v 6412.00  |w 2025-08-25  |y BK  |x Requisitioned by Professor Md. Golam Samdani Fakir, PhD (Director, Learning and Teaching Innovation Center (LTIC), BRAC University) for the course named - "Enriching LTIC for curriculum development, assessment, ethics, faculty leadership, and global education, etc."